| 000 | 00408nam a22001697a 4500 | ||
|---|---|---|---|
| 003 | koha_MIRAKIL | ||
| 005 | 20231213100214.0 | ||
| 008 | 231213b |||||||| |||| 00| 0 ||| d | ||
| 020 | _b978-6-05-370272-6 | ||
| 040 |
_aTR-IsEVY _btur _cTR-IsEVY |
||
| 082 | _a813.42 OZA/K | ||
| 100 | _aOzan, Yunus. | ||
| 245 | 0 | _aKaradağlı | |
| 260 |
_bNar Yayınları, _c2014 |
||
| 300 | _a151 s. | ||
| 942 |
_2ddc _cBK |
||
| 999 |
_c16237 _d16237 |
||